Biotechnology and international law / (Record no. 232)

MARC details
000 -LEADER
fixed length control field 01110cam a22003134a 4500
001 - CONTROL NUMBER
control field 14584795
003 - CONTROL NUMBER IDENTIFIER
control field OSt
005 - DATE AND TIME OF LATEST TRANSACTION
control field 20110411115529.0
008 - FIXED-LENGTH DATA ELEMENTS--GENERAL INFORMATION
fixed length control field 061005s2006 enka b 001 0 eng d
010 ## - LIBRARY OF CONGRESS CONTROL NUMBER
LC control number 2006284238
015 ## - NATIONAL BIBLIOGRAPHY NUMBER
National bibliography number GBA679341
Source bnb
016 7# - NATIONAL BIBLIOGRAPHIC AGENCY CONTROL NUMBER
Record control number 013519762
Source Uk
020 ## - INTERNATIONAL STANDARD BOOK NUMBER
International Standard Book Number 184113631X
035 ## - SYSTEM CONTROL NUMBER
System control number (OCoLC)ocm70242452
040 ## - CATALOGING SOURCE
Original cataloging agency EUW
Transcribing agency EUW
Modifying agency BAKER
-- GUL
-- UKM
-- DLC
042 ## - AUTHENTICATION CODE
Authentication code lccopycat
050 00 - LIBRARY OF CONGRESS CALL NUMBER
Classification number K1519.B54
Item number B56 2006
082 00 - DEWEY DECIMAL CLASSIFICATION NUMBER
Classification number 343.0786606 BIO
Edition number 22
245 00 - TITLE STATEMENT
Title Biotechnology and international law /
Statement of responsibility, etc University of the pacific, McGeorge School of Law . _
260 ## - PUBLICATION, DISTRIBUTION, ETC. (IMPRINT)
Place of publication, distribution, etc Sacramento ;
-- California :
Date of publication, distribution, etc 2000.
300 ## - PHYSICAL DESCRIPTION
Extent 375p. :
Other physical details ill. ;
Dimensions 30 cm.
650 #0 - SUBJECT ADDED ENTRY--TOPICAL TERM
Topical term or geographic name as entry element Biotechnology industry.
9 (RLIN) 686
650 #2 - SUBJECT ADDED ENTRY--TOPICAL TERM
Topical term or geographic name as entry element Biotechnology
General subdivision legislation & jurisprudence.
9 (RLIN) 687
650 #2 - SUBJECT ADDED ENTRY--TOPICAL TERM
Topical term or geographic name as entry element Intellectual Property.
9 (RLIN) 688
906 ## - LOCAL DATA ELEMENT F, LDF (RLIN)
a 7
b cbc
c copycat
d 2
e ncip
f 20
g y-gencatlg
942 ## - ADDED ENTRY ELEMENTS (KOHA)
Source of classification or shelving scheme Dewey Decimal Classification
Koha item type Seminar Papers and Reports
Holdings
Withdrawn status Lost status Source of classification or shelving scheme Damaged status Not for loan Home library Current library Shelving location Date acquired Total Checkouts Full call number Barcode Date last seen Price effective from Koha item type
    Dewey Decimal Classification     Law Development Centre Main Library Law Development Centre Main Library Law Reports 04/11/2011   343.0786606 BIO 2000/01 04/11/2011 04/11/2011 Seminar Papers and Reports